| 000 | 00589nam a2200217Ia 4500 | ||
|---|---|---|---|
| 008 | 101110s9999 xx 000 0 und d | ||
| 041 | _aENGLISH | ||
| 082 | _bSR27147 | ||
| 100 | _aThakkar K., Dattani Kiran. Mirchandani Ramesh, Mulani Ashish and Others | ||
| 245 | _aVijay mukhis working with Unix | ||
| 260 |
_c2005 _bBPB Pub., New delhi |
||
| 300 | _a431 | ||
| 365 | _b165 | ||
| 520 | _aComputer | ||
| 546 | _aENGLISH | ||
| 630 | _aVijay mukhis working with Unix | ||
| 650 | _aComputer | ||
| 655 | _aComputer | ||
| 730 | _aVijay mukhis working with Unix | ||
| 942 | _cBOOK | ||
| 999 |
_c819703 _d819700 |
||